Sports Quiz

Random Sports or Football Quiz

All-Nature Team Quiz Stats

 Plays Quiz not verified by Sporcle

Challenge
Share
Tweet
Embed
Score 0/15 Timer 10:00
0 Plays Today
Position Athlete/Coach % Correct
OuarterbackPhilip Rivers
94%
Running BackReggie Bush
88.8%
OuarterbackRyan Leaf
79.3%
Infielder/OutfielderPete Rose
79.3%
Power ForwardLarry Bird
56.9%
Small ForwardGrant Hill
54.3%
LinebackerA.J. Hawk
44.8%
Starting PitcherCliff Lee
37.9%
Position Athlete/Coach % Correct
Pinch HitterRobin Ventura
31%
Small ForwardRick Fox
31%
Starting PitcherKerry Wood
25%
Left FielderTim Raines
16.4%
CatcherSteve Lake
8.6%
Power ForwardJames Forrest
2.6%
Designated HitterRob Deer
0.9%

You're not logged in!

Compare scores with friends on all Sporcle quizzes.
OR
Log In

You Might Also Like...

Show Comments

Extras

Created Apr 25, 2010ReportNominate
Tags:Football Quiz, Athletes, coach, team

Top Quizzes Today


Score Distribution

Your Account Isn't Verified!

In order to create a playlist on Sporcle, you need to verify the email address you used during registration. Go to your Sporcle Settings to finish the process.

Report this User

Report this user for behavior that violates our Community Guidelines.

Details: